Polityčni systemy Ukrai͏̈ny 1917 - 1920 rokiv

Titel: Polityčni systemy Ukrai͏̈ny 1917 - 1920 rokiv : sproby tvorennja i pryčyny porazky / Danylo Janevs'kyj
Verfasser:
Veröffentlicht: Kyi͏̈v : Duch i Litera, 2003
Umfang: 767 S.
Format: Buch
Sprache: Ukrainisch
Schlagworte:
ISBN: 9667888495
Buchumschlag
X
Lokale Klassifikation: 42 5 E ; 42 5 F ; 42 7 K ; 42 7 L ; 42 7 V ; 42 12 G ; 42 7 M
alg: 11464900
001A    $03004:04-11-03 
001B    $06055:23-02-26 $t17:22:45.000 
001C    $03004:07-08-06 $t13:27:36.000 
001D    $03004:04-11-03 
001U    $0utf8 
001X    $00 
002@    $0Aau 
003@    $0114649006 
003O    $0165853060 $aOCoLC 
004A    $0966-7888-49-5 
007A    $0114649006 $aHEB 
007G    $0DE02095296477A0917A99C125835F003877D3 
007T    $0Herdhh114649006 
009P    $qapplication/pdf $A2 $3Inhaltsverzeichnis $uhttp://scans.hebis.de/HEBCGI/show.pl?11464900_toc.pdf $mV:DE-603;B:DE-Mb50 
010@    $aukr 
011@    $a2003 
013H    $0z 
021A    $aPolityčni systemy Ukrai͏̈ny 1917 - 1920 rokiv $dsproby tvorennja i pryčyny porazky $hDanylo Janevs'kyj 
028A    $7 $8Janevs'kyj, Danylo [Tnx] $9170140938 
033A    $pKyi͏̈v $nDuch i Litera 
034D    $a767 S. 
044K    $RUkrainische SSR $#Ukraine $#Ukraine $#Ukraine $#Украïна $#Ukrainische SSR $#Ukrajina $#Ukraina $#Ukraïna Ukraine $#Ukraina Ukraine $#Ukrajna $D20251120 $Ecgmnf $74061496-7 $8Ukraine [Tg1] $9085170801 
044K    $RStaat $RStaatsform $RHerrschaftssystem $#Régimes politiques $#political systems $#Politisches System $#politisches System $#Politisches System $#Regierungssystem $#Regierungsform $#Regierungssystem $D20251120 $Ecgmnf $74046584-6 $8Politisches System [Ts1] $9085130036 
045F    $a900.94770903 $eDDC23BSB 
045F/01 $a900 
045F/03 $f0903 
045F/03 $f0904 
045F/03 $g477 
045F/03 $g438 
045G    $a909 $eDDC23BSB 
045G/01 $a909 
045G/03 $g477 
045H    $a340.09 $eDDC23BSB 
045H/01 $a340.09 
045H/03 $f0904 
045H/03 $g477 
046L    $aIn kyrill. Schr., ukrain. 

lok: 11464900 24
101B    $007-08-06 $t13:27:36.000 
101C    $004-11-03 
145Z/01 $a42 5 E 
145Z/02 $a42 5 F 
145Z/03 $a42 7 K 
145Z/04 $a42 7 L 
145Z/05 $a42 7 V 
145Z/06 $a42 12 G 
145Z/07 $a42 7 M 
101U    $0utf8 

exp: 11464900 24 1 #EPN
201B/01 $004-11-03 $t17:07:02.000 
201C/01 $004-11-03 
203@/01 $019001072X 
208@/01 $a04-11-03 $bz 
209A/01 $a03.4875 $du $f050 $h03 4875 $x00 
209C/01 $a03.4875 K $h03 4875 K 
209G/01 $a70610469 $x00 
247C/01 $8358050-7 Marburg, Bibliothek des Herder-Instituts Marburg $9102600961 
201U/01 $0utf8 

lok: 11464900 78

exp: 11464900 78 1 #EPN
201B/01 $019-04-17 $t19:18:26.000 
201U/01 $0utf8 
203@/01 $0793765226 
208@/01 $a12-11-16 $be 
209A/01 $a/ $f000 $x00 
237A/01 $aIn kyrill. Schr., ukrain. - weiterführende Signatur(en): Herder-Institut: 03.4875 
244Z/01 $2Trx $#Poola $#Lenkija $#Polija $#Polen Land $#Poland $#Lengyelország $#Poľsko $#Polsko $8--Trx--Polska$gkraj $x01 $9391345966 
244Z/01 $aGeschichte 1917-1920 $x02 
244Z/01 $2Trx $8--Trx--Monographie $x03 $9391384546 
245Z/01 $a03.03.01 $x01 
247C/01 $82080>Marburg/Lahn, Herder-Institut, Forschungsbibliothek, Bibliographieportal $9336309341
LEADER 00000cam a2200000 c 4500
001 114649006
003 DE-603
005 20260223172245.0
007 tu
008 031104s2003 xx |||| | u00||u|ukr c
020 |a 9667888495 
035 |a (DE-599)HEB114649006 
035 |a (OCoLC)165853060 
040 |a DE-603  |b ger  |c DE-603  |d DE-603 
041 |a ukr 
082 0 4 |8 1\u  |a 900.94770903  |q DE-101  |2 23/BSB 
083 0 |8 2\u  |a 909  |q DE-101  |2 23/BSB 
083 0 |8 3\u  |a 340.09  |q DE-101  |2 23/BSB 
085 |8 1\u  |b 900 
085 |8 1\u  |z 1  |s 0903 
085 |8 1\u  |z 1  |s 0904 
085 |8 1\u  |z 2  |s 477 
085 |8 1\u  |z 2  |s 438 
085 |8 2\u  |b 909 
085 |8 2\u  |z 2  |s 477 
085 |8 3\u  |b 340.09 
085 |8 3\u  |z 1  |s 0904 
085 |8 3\u  |z 2  |s 477 
100 1 |a Janevs'kyj, Danylo  |0 (DE-603)170140938 
245 0 0 |a Polityčni systemy Ukrai͏̈ny 1917 - 1920 rokiv  |b sproby tvorennja i pryčyny porazky  |c Danylo Janevs'kyj 
264 1 |a Kyi͏̈v  |b Duch i Litera  |c 2003 
300 |a 767 S. 
546 |a In kyrill. Schr., ukrain. 
650 7 |a Politisches System  |0 (DE-588)4046584-6  |0 (DE-603)085130036  |2 gnd 
651 7 |a Ukraine  |0 (DE-588)4061496-7  |0 (DE-603)085170801  |2 gnd 
856 4 2 |m V:DE-603;B:DE-Mb50  |q application/pdf  |u http://scans.hebis.de/HEBCGI/show.pl?11464900_toc.pdf  |3 Inhaltsverzeichnis 
924 0 |9 Mb 50  |a (DE-603)19001072X  |b DE-Mb50  |c HES  |d c  |g 03.4875 
924 0 |9 2080  |a (DE-603)793765226  |b DE-2080  |c HES  |d d  |g /